Fond těžko pojistitelných rizik realitou

Narastajúci počet nepriaznivých klimatických javov vyvoláva dopyt po nových typoch poistných produktov a poistení ďalších rizík. Reakcia poisťovní a požiadavky Ministerstva poľnohospodárstva ČR pri sledovaní a posudzovaní stavu nepriaznivých klimatických javov. Integrovaný systém sledovania rizík v...

Ausführliche Beschreibung

Gespeichert in:
Bibliographische Detailangaben
1. Verfasser: Mareček, Ondřej
Format: Buchkapitel
Sprache:Tschechisch
Schlagworte:
Tags: Tag hinzufügen
Keine Tags, Fügen Sie das erste Tag hinzu!

MARC

LEADER 00000naa a2200000 4500
001 0213885
005 20221104110423.6
041 0 |a cze 
044 |a CZ 
245 1 0 |a Fond těžko pojistitelných rizik realitou  |c Ondřej Mareček 
520 |a Narastajúci počet nepriaznivých klimatických javov vyvoláva dopyt po nových typoch poistných produktov a poistení ďalších rizík. Reakcia poisťovní a požiadavky Ministerstva poľnohospodárstva ČR pri sledovaní a posudzovaní stavu nepriaznivých klimatických javov. Integrovaný systém sledovania rizík v poľnohospodárstve. 
610 2 0 |a Česko 
610 2 0 |a poisťovníctvo 
610 2 0 |a poisťovne 
610 2 0 |a rezervy technické 
610 2 0 |a riziko poistné 
610 2 0 |a zmeny klimatické 
610 2 0 |a typy poistenia 
610 2 0 |a poľnohospodárstvo 
100 1 |a Mareček, Ondřej